Регионална библиотека "Любен Каравелов" - Русе

Петте буркана (Запис номер 488310)

MARC детайли
000 -Лидер
Контролно поле с фиксирана дължина 01181nam a2200289 a 4500
003 - Код на организацията, давaща контролен номер
Контролно поле BLK
005 - Дата и час на последна редакция
Контролно поле 20250117175330.0
008 - Елементи от данни с фиксирана дължина
fixed length control field 190802b bu ||||gr|||| 00| 0 bu d
020 ## - Международен стандартен номер на книга ISBN
Международен стандартен номер на книга ISBN 9786197604160
040 ## - Източник на каталожния запис
Идентификатор на билиотеката - собственик на записа BLK
041 ## - Код за език
Код за езика на текст/звукозапис или на отделно заглавие Български
Код за езика КДБФ Български
080 ## - УДК
Текстов определител УДК Английска литература
УДК код - определител по УДК 821.111
УДК определител -312.9
УДК - код + определител 821.111-312.9
100 ## - Редна дума - Автор
Автор Джеймс, М. Р.
Авторска отговорност първи автор
R(LIN) 1299
139 ## - Редно поле
Редна дума Джеймс, М. Р.
Авторски знак Дже - Д 50
245 ## - Сведения за заглавието
Заглавие Петте буркана
Редно поле (дума) М. Р. Джеймс ; ил. Гилбърт Джеймс ; прев. Явор Цанев.
260 ## - Област на издателските данни
9 (RLIN) 214217
Място на издаване, разпространение и проч. Русе
Име на издателя, разпространителя и проч. Gaiana Book Art Studio
Година на издаване 2021
Издателство - префикс ISBN 978-619-7354- ; 978-954-92465- ; 978-954-8633- ; 978-954-903
300 ## - Физическа характеристика
Страници 115 с.
Илюстрации и др. с ил.
Размери/Мащаб 20 см
380 ## - Жанр
Жанр Худож. лит.
490 ## - СЕРИИ (Колекции)
Име на серия Old Gold
9 (RLIN) 467246
500 ## - Общи забележки
Забележка Ориг. загл.: The five jars / M. R. James. - За авт.: с. 5.
700 ## - Други автори (авторска отговорност)
Лично име Цанев, Явор Богомилов
Дати, свързани с автора 1971-
Автороска отговорност (Описва отношението между автора и произведението) прев.
9 (RLIN) 381955
700 ## - Други автори (авторска отговорност)
9 (RLIN) 486054
Лично име Джеймс, Гилбърт
Автороска отговорност (Описва отношението между автора и произведението) ил.
856 ## - Електронен адрес и достъп
Инструкция (цена за достъп) 0.00
Права за достъп disable
999 ## - СИСТЕМНИ КОНТРОЛНИ НОМЕРА
Koha biblionumber 488310
Koha biblioitemnumber 488310
942 ## - АРТИКУЛИ
Вид на библиотечния материал Книги
Скрит в OPAC Не
Периодичен библиозапис Да
Koha issues (borrowed), all copies 3
944 ## - СЪЗДАВАНЕ И РЕДАКЦИЯ на ЗАПИСА
Създаване/Редакция Редакция
Дата на регистрацията/редакция 2023-01-18
Служител, извършил регистрацията/редакцията 30530
Статус, дата на статуса Минев Младен
999 ## - СИСТЕМНИ КОНТРОЛНИ НОМЕРА
Koha biblioitemnumber 488310
Наличности
Код за отписване Код за изгубен артикул Източник на класификационната схема Код за повреда Коз за рестрикции Код за отдаване Артикулен № Име на библиотеката - собственик Име на библиотеката, в която се намира в момента Статус (Текущо местоположение) Дата на вписване в системата Местоположение - отдел Цена в лева Систематично азбучна сигнатура Баркод Цена в евро Служебен тип на артикула
  Не е изгубен Universal Decimal Classification Не е повреден без рестрикции заемане за дома 921907 Регионална библиотека "Любен Каравелов" Русе Регионална библиотека "Любен Каравелов" Русе Заемна - подръчен фонд 2023-01-18 Заемна - подръчен фонд 9.00 821-31/Д 50 М 120000881548 4.60 Книги
  Не е изгубен Universal Decimal Classification Не е повреден без рестрикции заемане за дома 921908 Регионална библиотека "Любен Каравелов" Русе Регионална библиотека "Любен Каравелов" Русе Заемна - подръчен фонд 2023-01-18 Заемна - подръчен фонд 9.00 821-31/Д 50 М 120000881549 4.60 Книги
Vip Innovations Ltd, Rousse, Bulgaria 2025